000 00942nam a2200217Ia 4500
001 19572
003 GE_BSU
008 181216s||||||||xx |||||||||||||| ||und||
020 _a978994102020
040 _cGE_BSU
080 _a016(479.22):908(479.22)
245 _aსაქართველო: ანოტირებული ბიბლიოგრაფიული საძიებელი. წიგნი 8
245 _cრედ. ჟ. ქავთარაძე. გამოც.რედ. ვ. კიკილაშვილი
260 _aთბილისი
260 _bეროვნული მწერლობის სტამბა
260 _c2009
300 _a288გვ.
653 _aსაქართველო: ანოტირებული ბიბლიოგრაფიული საძიებელი. წიგნი 8
653 _aქსეროქსი
942 _cBK
999 _c52548
_d52548